000 00730nam a2200121Ia 4500
008 220620s9999||||xx |||||||||||||| ||und||
245 0 _aAdvances in the study of Siouan languages and linguistics
546 _aEnglish[eng]
650 _aformal/generative linguistics||comparative/typological linguistics||applied linguistics||philological linguistics||historical-genetic linguistics||descriptive linguistics||siouan languages||Verb||Verb phrase
700 _aRudin, Catherine||Gordon James, Bryan
856 _uhttps://library.oapen.org/bitstream/20.500.12657/32373/1/611691.pdf||https://library.oapen.org/bitstream/20.500.12657/32373/1/611691.pdf||https://library.oapen.org/bitstream/20.500.12657/32373/1/611691.pdf
942 _cEB
999 _c24461
_d24461